00945nam a22002057a 450000500170000000800410001702000180005804000070007604100080008308200220009110000200011324500250013325000120015826000300017030000290020036500680022952003460029765000530064370000430069620240315162344.0240315b ||||| |||| 00| 0 eng d a9781032330051 cAL aeng 223a796.033bLEEE aMichael A Leeds aEconomics of sports  a7th ed. aNew YorkbRoutledgec2024 axxii,432p.bPBc25x18cm. 2GeneralaVBI-2056b₹4131.67c₹d₹5509.00e25%f26-02-2024 aThe sports industry provides a seemingly endless set of examples from every area of microeconomics, giving students the opportunity to study economics in a context that holds their interest. Thoroughly updated to reflect the current landscape, introducing core economic concepts and theories, and applies them to US and international sports. 2EconomicsaAthletic and outdoor sports and games aAllmen, Peter Von; Matheson, Victor A.